| 000 | 004320000a22001810004500 | ||
|---|---|---|---|
| 003 | LK-CoMWRAF | ||
| 008 | 230817t ||||| |||| 00| 0 eng d | ||
| 040 |
_aLK-CoMWRAF _dLK-CoMWRAF _eLK-CoMWRAF |
||
| 041 | _aeng | ||
| 082 |
_a150 _bABI |
||
| 100 | _aAbideen P.Zainul | ||
| 245 |
_aIslam kuttachaddukalum pathilkalum _b |
||
| 250 | _a3rd.ed | ||
| 260 |
_aMedras _bISPC _c1996 |
||
| 300 | _ap.112 | ||
| 650 | _aislam | ||
| 942 | _cBK | ||
| 999 |
_c2791 _d2791 |
||